07894nam a2200613 a 450000100100000000500170001000800410002702000250006802000250009302000250011802000250014302000250016802000250019302000250021802000250024304000250026808200180029310000420031124501440035326000400049730000250053749000110056250502270057350504870080050509140128750509210220150519280312250500890505050500770513950500900521665000470530665000350535365000410538870000480542970000330547783000180551095201050552895201120563395201060574595201120585195201060596395201120606995201060618195201120628795201110639995201050651095201110661595201050672695201110683195201050694295201110704795201050715899900170726300004506420201002045840.0091130s2012 dr a 000 0 spa d a9789945117462 (v. 1) a9789945117479 (v. 2) a9789945117486 (v. 3) a9789945117493 (v. 4) a9789945117509 (v. 5) a9789945117516 (v. 6) a9789945117523 (v. 7) a9789945117530 (v. 8) aDO-SdBNPbspacBNPHU a372.634bC1531 aAriza Jiménez Malena, Martha93128610aCaligrafía :beducación básica /cMartha Ariza Jiménez Malena ; editora María Isabel Incháustegui; ilustración Ruddy Nuñez. aSanto Domingo :bSantillana,c2012. a8 v :bil. ;c28 cm.1 aInnova0 gv. 1 :tVamos a soltar la mano --tEste es el alfabeto --tVamos a escribir el alfabeto --tLas vocales --tLas consonantes --tGrupos consonánticos --tVamos a escribir poemas --tPl, Pr --tTl, Tr --tTarjeta postal --0 gv. 2 :tEste es el alfabeto --tVamos a escribir el alfabeto --tLas vocales --tDiptongos --tM ó N --tVamos a descifrar: adivinanzas --tB ó P --tC ó Z --tVamos a leer y a escribir --tX ó Z --tG ó I --tG ó Gu --tC ó Qu --tR ó Rr --tC ó S --tS ó Z --tAprende trabalenguas --tSc ó Xc --tS ó Z --tVamos a escribir: k, w, y --tSignos de puntuación --tVamos a crear: Carta --tVamos a completar: una historia --tVamos a escribir: números --0 gv. 3 :gficha 1 --tAbecedario completo en letra manuscrita --gficha 2 --tAbecedario completo en letra imprenta --gficha 3 --tDatos personales --gficha 4 --tNombres de árboles --gficha 5 --tOnomatopeyas --gficha 6 --tRefranes --gficha 7 --tChistes --gficha 8 --tTrabalenguas --gficha 9 --tVersos para terminar un cuento --gficha 10 --tNombre y firma --gficha 11 --tPoema --gficha 12 --tCuriosidades del mundo animal --gficha 13 --tReceta --gficha 14 --tCanción --gficha 15 --tInvitación --gficha 16 --tDiario de vida y entrevistas --gficha 17 --tProblemas y soluciones --gficha 18 --tComparo y explico --gficha 19 --tNúmeros --gficha 20 --tLugares de nuestro país --gficha 21 --tTexto informativo --gficha 22 --tCuento --gficha 23 --tSugerencias y rutas --gficha 24 --tModismos dominicanos --gficha 25 --tMemorándum --gficha 26 --tExhortación --0 gv. 4 :gficha 1 --tAbecedario completo en letra manuscrita --gficha 2 --tAbecedario completo en letra imprenta --gficha 3 --tDatos personales --gficha 4 --tVersos que anuncian el tiempo --gficha 5 --tRimas para jugar --gficha 6 --tColmos --gficha 7 --tTrabalenguas --gficha 8 --tChistes --gficha 9 --tAbecegrama --gficha 10 --tNombre y seudónimo --gficha 11 --tDefiniciones --gficha 12 --tCanción --gficha 13 --tJuego tradicional --gficha 14 --tLugares de nuestro país --gficha 15 --tPoema --gficha 16 --tTexto informativo --gficha 17 --tEtimología --gficha 18 --tDécimas --gficha 19 --tPortada de un informe --gficha 20 --tTexto informativo --gficha 21 --tCostumbres dominicanas --gficha 22 --tEntrevista --gficha 23 --tPersonajes mitológicos de la República Dominicana --gficha 24 --tTexto informativo --gficha 25 --tPremio --gficha 26 --tNoticia --0 gv. 5 --gunidad 1 --tLeo, y copio: Yo tengo, yo puedo --tLeo, comento y escribo: Lo pequeño es hermoso --tLeo, comprendo y escribo un texto causa y consecuencia --gunidad 2 --tLeo y copio: Las tijeras de mamá --tLeo, comento y escribo: Mi comunidad y mi patria --tLeo, comprendo y escribo una noticia --gunidad 3 --tLeo y copio: Luna lunera --tLeo, comento y escribo: La reforestación --tLeo, comprendo y escribo un texto narrativo --gunidad 4 --tLeo y copio: Aurora de mi patria --tLeo, comento y escribo: Cada persona es única --tLeo, comprendo y escribo un texto comparativo --gunidad 5 --tLeo y copio: Catálogo de herramientas --tLeo, comento y escribo: Reír para sanar --tLeo, comprendo y escribo una leyenda --gunidad 6 --tLeo y copio: La pricesa Violeta --tLeo, comento y escribo: El peatón --tLeo, comprendo y escribo una breve historia --gunidad 7 --tLeo y copio: Un libro para el viaje... --tLeo, comento y escribo: Carta al abuelito... --tLeo, comprendo y escribo una biografía --gunidad 8 --tLeo y copio: Un libro para el viaje --tLeo, comento y escribo: Carta al abuelito --tLeo, comprendo y escribo una biografía --gunidad 9 --tLeo y copio: Mamíferos en el mar --tLeo, comento y escribo: La tierra sin bosques --tLeo, comprendo y escribo una fábula --gunidad 10 --tLeo y copio: El trompo --tLeo, comento y escribo: La hormiga, la paloma --tLeo, comprendo y escribo un texto causa-consecuencia -gunidad 11 --tLeo y copio: El caballito de mar --tLeo, comento y escribo: ¡Qué alivio! --tLeo, comprendo y escribo un texto descriptivo -gunidad 12 --tLeo y copio: ¡Hormigas, al hormiguero! --tLeo, comento y escribo: Nuestros campesino, expertos artesanos --tLeo, comprendo y escribo una postal -gunidad 13 --tLeo y copio: La fuente --tLeo, comento y escribo: La victoria de los cangrejos --tLeo, comprendo y escribo un texto narrativo --0 gv. 6 --tLeo, y copio --tLeo, comento y escribo --tLeo, comprendo y escribo ... --0 gv. 7 :tLeo y copio --tLeo, comento y escribotLeo, comprendo y escribo0 gv. 8 :tLeo y copiotLeo, comento y escribotLeo, comprendo y escribogCaligrafía 8 4aCaligrafíaxEstudio y enseñanza930847 4aCaligrafíaxTécnica930848 4aCaligrafíaxLibros de texto9308491 aIncháustegui, María Isabel,eed.9295681 aNúñez, Ruddyeil.923171 0aInnova929570 0010718PDaPDbPDcHDd2015-01-30iLF1l0o1p45064-10r2020-06-25w2020-06-25yLFPDZNo se presta 0010718PDaPDbPDcCTd2015-01-30iLF1l0o5, e. 2p45064-100r2020-06-25w2020-06-25yLFPDZNo se presta 0010718PDaPDbPDcCTd2015-01-30iLF1l0o6p45064-110r2020-06-25w2020-06-25yLFPDZNo se presta 0010718PDaPDbPDcCTd2015-01-30iLF1l0o6, e. 2p45064-120r2020-06-25w2020-06-25yLFPDZNo se presta 0010718PDaPDbPDcCTd2015-01-30iLF1l0o7p45064-130r2020-06-25w2020-06-25yLFPDZNo se presta 0010718PDaPDbPDcCTd2015-01-30iLF1l0o7, e. 2p45064-140r2020-06-25w2020-06-25yLFPDZNo se presta 0010718PDaPDbPDcCTd2015-01-30iLF1l0o8p45064-150r2020-06-25w2020-06-25yLFPDZNo se presta 0010718PDaPDbPDcCTd2015-01-30iLF1l0o8, e. 2p45064-160r2020-06-25w2020-06-25yLFPDZNo se presta 0011718PDaPDbPDcMId2015-01-30iLF1l0o1, e. 2p45064-20r2020-06-25w2020-06-25yLFPDZNo se presta 0010718PDaPDbPDcHDd2015-01-30iLF1l0o2p45064-30r2020-06-25w2020-06-25yLFPDZNo se presta 0011718PDaPDbPDcMId2015-01-30iLF1l0o2, e. 2p45064-40r2020-06-25w2020-06-25yLFPDZNo se presta 0010718PDaPDbPDcHDd2015-01-30iLF1l0o3p45064-50r2020-06-25w2020-06-25yLFPDZNo se presta 0010718PDaPDbPDcHDd2015-01-30iLF1l0o3, e. 2p45064-60r2020-06-25w2020-06-25yLFPDZNo se presta 0010718PDaPDbPDcCTd2015-01-30iLF1l0o4p45064-70r2020-06-25w2020-06-25yLFPDZNo se presta 0010718PDaPDbPDcCTd2015-01-30iLF1l0o4, e. 2p45064-80r2020-06-25w2020-06-25yLFPDZNo se presta 0010718PDaPDbPDcCTd2015-01-30iLF1l0o5p45064-90r2020-06-25w2020-06-25yLFPDZNo se presta c44553d44553